LEADER 01129nam a2200241 u 4500 001 000000003859 003 CaOOAMICUS 005 20070226104603.0 008 940514s1930 it af u000 u ita u 035 $a10102367 040 $aRPB$bita$cRPB$dPUL(R) 100 1 $aMagaldi, Emilio.$0(OLS)http://pul/name/4015 245 10$aPompei e il suo dolore /$cEmilio Magaldi. 260 $aNapoli :$bpresso l'autore: Istituto di archeologia e di antichità pompeiane della R. Università di Napoli,$c1930. 300 $a119 p., 4 leaves of plates :$bill. ;$c19 cm 500 $aIncludes index. 504 $aBibliographical references included in "Note" : p. [47]-115. 651 0$aPompei (Extinct city).$0(OLS)http://pul/subject/1447 850 $aPUL 852 $aPUL$W1$xDP1 Fondo Ciprotti$y59$m1549 B 29$j5316$nBK-PRI$b $qFondi$B5316$CPULBib$Z2$F5316 $H $81 941 1 $a1 996 $6245$aPompei e il suo dolore$9(OLS)http://pul/title/5639 996 $6260$aNapoli :$bpresso l'autore: Istituto di archeologia e di antichità pompeiane della R. Università di Napoli$9(OLS)http://pul/publisher/50135 LEADER 01001nam a2200241 u 4500 001 000000090176 003 CaOOAMICUS 005 20070226124709.0 008 051207s1973 it u000 u ita u 035 $a11071808 040 $aPUL(R)$bita 100 1 $aPeli, Emilio.$0(OLS)http://pul/name/58374 245 13$aLa strada stretta :$bla scuola del sottosviluppo mentale /$cEmilio Peli. 260 $aRimini :$bGuarardi,$c1973. 300 $a132 p. ;$c19 cm 490 1 $aLe frontiere dell'educazione ;$v18 650 4$aPsicolinguistica.$0(OLS)http://pul/subject/12201 830 3$aLe frontiere dell'educazione ;$v18.$0(OLS)http://pul/title/94716 850 $aPUL 852 $aPUL$W1$xDP1 Fondo Pastorale$y55$mP16 A 63$j113852$nBK-PRI$b $qFondi$B113852$CPULBib$Z2$F113852 $HPUL64085 $81 941 1 $a1 996 $6245$aLa strada stretta :$bla scuola del sottosviluppo mentale$9(OLS)http://pul/title/116483 996 $6260$aRimini :$bGuarardi$9(OLS)http://pul/publisher/78340